[Event "Masters-Juniors"]
[Site "Montreal CAN"]
[Date "1997.??.??"]
[Round "6"]
[White "Hergott, Deen"]
[Black "Filion, Charles"]
[Result "1-0"]
[WhiteElo "2390"]
[BlackElo "2155"]
[PlyCount "97"]
[EventDate "1997.12.17"]
[EventType "schev"]
[EventRounds "6"]
[EventCountry "CAN"]
[Source "ChessBase"]
[SourceDate "2000.11.22"]

1. Nf3 Nf6 2. c4 g6 3. Nc3 Bg7 4. d4 O-O 5. e4 d6 6. Be2 e5 7. d5 a5 8. Bg5 Na6
9. Nd2 Nc5 10. b3 Bd7 11. O-O h6 12. Bh4 Qe8 13. a3 Nh7 14. b4 axb4 15. axb4
Na4 16. Qc2 Nxc3 17. Qxc3 Rc8 18. Ra7 h5 19. f3 c6 20. Qd3 cxd5 21. Qxd5 Be6
22. Qxd6 Bh6 23. f4 exf4 24. Rxb7 g5 25. Be1 Rd8 26. Qc5 Qa4 27. Bxh5 g4 28.
Rb6 Qc2 29. Bxf7+ Bxf7 30. Rxh6 Rxd2 31. Bxd2 Qxd2 32. Qf5 Qd4+ 33. Kh1 Qg7 34.
Rxh7 Qxh7 35. Qxh7+ Kxh7 36. Rxf4 g3 37. hxg3 Kg7 38. e5 Re8 39. Re4 Bg6 40.
Re3 Rb8 41. b5 Rc8 42. Rc3 Rc5 43. b6 Rxe5 44. Rb3 Re8 45. c5 Be4 46. Re3 Rh8+
47. Kg1 Bc6 48. Re6 Rc8 49. Rxc6 1-0

[Event "Outaouais op"]
[Site "Gatineau CAN"]
[Date "1997.10.31"]
[Round "1"]
[White "Morrissey, Laura"]
[Black "Hergott, Deen"]
[Result "0-1"]
[WhiteElo "2015"]
[BlackElo "2362"]
[PlyCount "60"]
[EventDate "1997.10.31"]
[EventType "swiss"]
[EventRounds "5"]
[EventCountry "CAN"]

1. e4 g6 2. Nc3 c6 3. d4 d6 4. Nf3 Bg7 5. Be2 Nf6 6. a4 O-O 7. O-O Nbd7 8. h3
e5 9. dxe5 dxe5 10. Be3 Qe7 11. Bc4 Nc5 12. Nd2 a5 13. Qe2 Nh5 14. Nb3 Ne6 15.
Bxe6 Qxe6 16. Bc5 Re8 17. Bb6 Qe7 18. Bxa5 Nf4 19. Qf3 Be6 20. Bb6 Bxb3 21.
cxb3 Qb4 22. a5 Qxb3 23. Kh2 Ne6 24. Ra3 Qxb2 25. Na4 Qb5 26. Rd1 Nd4 27. Qc3
Qe2 28. Rd2 Qxe4 29. Nc5 Qf4+ 30. Kg1 Nb5 0-1

[Event "Outaouais op"]
[Site "Gatineau CAN"]
[Date "1997.11.01"]
[Round "2"]
[White "Hergott, Deen"]
[Black "Rodgers, Ron"]
[Result "1-0"]
[WhiteElo "2362"]
[BlackElo "207"]
[PlyCount "77"]
[EventDate "1997.10.31"]
[EventType "swiss"]
[EventRounds "5"]
[EventCountry "CAN"]

1. d4 Nf6 2. Nf3 d5 3. c4 c6 4. Nc3 dxc4 5. a4 Bf5 6. Ne5 e6 7. f3 Bb4 8. e4
Bxe4 9. fxe4 Nxe4 10. Bd2 Qxd4 11. Nxe4 Qxe4+ 12. Qe2 Bxd2+ 13. Kxd2 Qd5+ 14.
Kc2 Na6 15. Nxc4 O-O-O 16. Qe3 Nc5 17. Be2 Rhe8 18. g4 f6 19. Rhd1 Qe4+ 20.
Qxe4 Nxe4 21. Bf3 Ng5 22. Bg2 Kc7 23. h4 Nf7 24. a5 Nd6 25. Nxd6 Rxd6 26. Rxd6
Kxd6 27. a6 b6 28. Rd1+ Kc7 29. b4 g6 30. Rd3 e5 31. Be4 Re6 32. h5 gxh5 33.
gxh5 h6 34. Rg3 b5 35. Rg7+ Kb6 36. Rb7+ Kxa6 37. Rb8 c5 38. Bf5 Rc6 39. Bd7
1-0

[Event "Outaouais op"]
[Site "Gatineau CAN"]
[Date "1997.11.01"]
[Round "3"]
[White "Ferguson, Peter"]
[Black "Hergott, Deen"]
[Result "1/2-1/2"]
[WhiteElo "2170"]
[BlackElo "2362"]
[PlyCount "58"]
[EventDate "1997.10.31"]
[EventType "swiss"]
[EventRounds "5"]
[EventCountry "CAN"]

1. e4 e6 2. d4 d5 3. e5 c5 4. Nf3 cxd4 5. Bd3 Nc6 6. O-O f6 7. Qe2 fxe5 8. Nxe5
Nxe5 9. Qxe5 Nf6 10. Bb5+ Kf7 11. Qxd4 Bd6 12. Bf4 Bxf4 13. Qxf4 Qb6 14. Nc3
Rf8 15. a4 Kg8 16. a5 Qc5 17. Bd3 Bd7 18. Rfe1 Nh5 19. Qd2 Nf4 20. Bf1 Rf6 21.
Re5 Qb4 22. g3 Ng6 23. Re2 Kh8 24. f4 Qxb2 25. Rb1 Qa3 26. Ne4 Rff8 27. Rb3 Qe7
28. Rxb7 Rad8 29. Ng5 Qc5+ 1/2-1/2

[Event "Outaouais op"]
[Site "Gatineau CAN"]
[Date "1997.11.02"]
[Round "4"]
[White "Hergott, Deen"]
[Black "Goldenberg, Danny"]
[Result "1-0"]
[WhiteElo "2362"]
[BlackElo "2281"]
[PlyCount "125"]
[EventDate "1997.10.31"]
[EventType "swiss"]
[EventRounds "5"]
[EventCountry "CAN"]

1. Nf3 c5 2. c4 d6 3. e3 Nf6 4. Nc3 g6 5. d4 b6 6. Be2 Bb7 7. d5 Bg7 8. e4 O-O
9. O-O Ne8 10. Bg5 Na6 11. Qd2 Nac7 12. Rfe1 Qd7 13. Bd1 b5 14. cxb5 f6 15. Be3
Nxb5 16. Ba4 Nec7 17. b4 cxb4 18. Nxb5 Nxb5 19. Nd4 a6 20. Ne6 Rfc8 21. Qxb4
Rab8 22. Rab1 Ba8 23. Qa5 Qb7 24. Bxb5 axb5 25. Nxg7 Kxg7 26. Ba7 f5 27. Bxb8
Rxb8 28. Qc3+ Kg8 29. exf5 Qxd5 30. Qb3 Kf8 31. Qxd5 Bxd5 32. fxg6 hxg6 33. a3
Bc4 34. Rb4 Ra8 35. Ra1 d5 36. f4 Kf7 37. Kf2 Kf6 38. Ke3 g5 39. fxg5+ Kxg5 40.
Kd4 Kf5 41. Re1 Rxa3 42. Rxe7 Rd3+ 43. Kc5 Rd2 44. Rg7 d4 45. h4 d3 46. Rxc4
bxc4 47. Kxc4 Kf6 48. Rg8 Rd1 49. g3 Kf7 50. Rg5 Ke7 51. Kd4 Kf7 52. Kc3 Kf6
53. Rd5 Rg1 54. Rxd3 Ke5 55. Rf3 Ra1 56. Kd3 Ra2 57. Ke3 Rg2 58. h5 Rh2 59. g4
Rg2 60. Rf5+ Ke6 61. Kf4 Rg1 62. Kg5 Ke7 63. h6 1-0

[Event "Outaouais op"]
[Site "Gatineau CAN"]
[Date "1997.11.02"]
[Round "5"]
[White "Schleifer, Michael"]
[Black "Hergott, Deen"]
[Result "1/2-1/2"]
[WhiteElo "2328"]
[BlackElo "2368"]
[PlyCount "116"]
[EventDate "1997.10.31"]
[EventType "swiss"]
[EventRounds "5"]
[EventCountry "CAN"]

1. d4 g6 2. e4 d6 3. c3 Nf6 4. Bd3 Bg7 5. Bg5 h6 6. Bh4 c5 7. dxc5 dxc5 8. Qe2
Nc6 9. Bxf6 Bxf6 10. Nd2 Qc7 11. Nc4 Ne5 12. Nxe5 Bxe5 13. g3 g5 14. Bb5+ Kf8
15. Nf3 Bg4 16. h3 Be6 17. Bc4 Bxc4 18. Qxc4 Rd8 19. Qe2 Kg7 20. h4 b5 21. hxg5
hxg5 22. Rxh8 Rxh8 23. O-O-O b4 24. Nxe5 Qxe5 25. Rd5 Rh1+ 26. Kc2 Qf6 27. Rf5
Qc6 28. Qc4 Qa4+ 29. Qb3 Qxb3+ 30. Kxb3 bxc3 31. Rxg5+ Kf6 32. Rxc5 cxb2 33.
Kxb2 Re1 34. f3 Rf1 35. Rc3 Ke5 36. Ra3 Rf2+ 37. Kc1 Kd4 38. Kd1 e6 39. Ke1 Rg2
40. Kf1 Rxg3 41. Kf2 Rh3 42. Rxa7 f5 43. exf5 exf5 44. Kg2 Rh8 45. Kg3 Ke5 46.
Ra5+ Kf6 47. a4 Rc8 48. Ra7 Kg5 49. Rg7+ Kf6 50. Rb7 Rc4 51. a5 Ra4 52. Ra7 Kg5
53. a6 f4+ 54. Kh3 Ra3 55. Kg2 Ra2+ 56. Kh3 Ra3 57. Ra8 Kg6 58. Kg4 Ra4 1/2-1/2

[Event "Ottawa op"]
[Site "Ottawa CAN"]
[Date "1997.09.27"]
[Round "1"]
[White "Patterson, Roger"]
[Black "Hergott, Deen"]
[Result "1/2-1/2"]
[WhiteElo "2162"]
[BlackElo "2460"]
[PlyCount "68"]
[EventDate "1997.09.27"]
[EventType "swiss"]
[EventRounds "5"]
[EventCountry "CAN"]

1. e4 e6 2. d4 d5 3. Nc3 Nf6 4. Bg5 dxe4 5. Nxe4 Be7 6. Bxf6 gxf6 7. Nf3 b6 8.
Bb5+ c6 9. Bd3 Bb7 10. Qe2 Nd7 11. O-O-O Qc7 12. Rhe1 O-O-O 13. Kb1 Kb8 14.
Ned2 h5 15. Nc4 c5 16. c3 b5 17. Ne3 c4 18. Bc2 Nb6 19. Nd2 h4 20. g3 hxg3 21.
hxg3 Nd5 22. Be4 Nxe3 23. Qxe3 Bxe4+ 24. Qxe4 Rh2 25. Qe3 Qc6 26. Nf3 Rh7 27.
Rh1 Rxh1 28. Rxh1 Qd5 29. Rh4 Qf5+ 30. Qe4 Qxe4+ 31. Rxe4 Rh8 32. b3 Rh1+ 33.
Re1 Rxe1+ 34. Nxe1 cxb3 1/2-1/2

[Event "Ottawa op"]
[Site "Ottawa CAN"]
[Date "1997.09.27"]
[Round "2"]
[White "Hergott, Deen"]
[Black "Yip, Michael"]
[Result "1-0"]
[WhiteElo "2460"]
[BlackElo "2157"]
[PlyCount "61"]
[EventDate "1997.09.27"]
[EventType "swiss"]
[EventRounds "5"]
[EventCountry "CAN"]

1. c4 Nf6 2. Nf3 c5 3. Nc3 Nc6 4. d4 cxd4 5. Nxd4 g6 6. e4 d6 7. Be2 Bg7 8. Be3
O-O 9. O-O Nxd4 10. Bxd4 Bd7 11. b4 Bc6 12. b5 Bd7 13. f4 e5 14. fxe5 dxe5 15.
Bxe5 Re8 16. Bd4 Be6 17. c5 Rc8 18. e5 Nd7 19. Ne4 Nxe5 20. Nd6 Qh4 21. Bf2 Qg5
22. Qc1 Qe7 23. Nxc8 Bxc8 24. Qf4 f5 25. Rad1 Be6 26. Rfe1 g5 27. Qa4 Qf7 28.
Qxa7 Bxa2 29. Bh5 Qxh5 30. Qxa2+ Kh8 31. Qd5 1-0

[Event "Ottawa op"]
[Site "Ottawa CAN"]
[Date "1997.09.27"]
[Round "3"]
[White "Hergott, Deen"]
[Black "O'Donnell, Tom"]
[Result "1/2-1/2"]
[WhiteElo "2460"]
[BlackElo "2422"]
[PlyCount "30"]
[EventDate "1997.09.27"]
[EventType "swiss"]
[EventRounds "5"]
[EventCountry "CAN"]

1. Nf3 d5 2. c4 c6 3. b3 Nf6 4. g3 Bg4 5. Bg2 e6 6. Bb2 Nbd7 7. O-O Be7 8. Na3
a5 9. cxd5 exd5 10. Nc2 O-O 11. Ne3 Bxf3 12. Bxf3 Re8 13. Bg2 a4 14. bxa4 Qa5
15. Nf5 Bf8 1/2-1/2

[Event "Ottawa op"]
[Site "Ottawa CAN"]
[Date "1997.09.28"]
[Round "4"]
[White "Ferguson, Peter"]
[Black "Hergott, Deen"]
[Result "0-1"]
[WhiteElo "2280"]
[BlackElo "2460"]
[PlyCount "52"]
[EventDate "1997.09.27"]
[EventType "swiss"]
[EventRounds "5"]
[EventCountry "CAN"]

1. d4 d5 2. Nf3 Nf6 3. c4 c6 4. cxd5 cxd5 5. Nc3 Nc6 6. Bf4 Ne4 7. Qb3 Nxc3 8.
bxc3 a6 9. e3 g6 10. Bd3 Bg7 11. h4 h6 12. Rc1 O-O 13. h5 g5 14. Bxg5 hxg5 15.
h6 Bf6 16. Bb1 e5 17. dxe5 Nxe5 18. Nxg5 Bxg5 19. f4 Bh4+ 20. g3 Bxg3+ 21. Kf1
Nc4 22. Kg2 Qe7 23. Kxg3 Qxe3+ 24. Kg2 Kh8 25. h7 Qe2+ 26. Kg3 Qg4+ 0-1

[Event "North Bay int."]
[Site "North Bay CAN"]
[Date "1997.08.06"]
[Round "1"]
[White "Hergott, Deen"]
[Black "Dougherty, Michael"]
[Result "0-1"]
[WhiteElo "2395"]
[BlackElo "2265"]
[PlyCount "96"]
[EventDate "1997.08.06"]
[EventType "swiss"]
[EventRounds "9"]
[EventCountry "CAN"]
[Source "ChessBase"]
[SourceDate "1997.11.17"]

1. d4 c5 2. d5 d6 3. e4 Nf6 4. Nc3 g6 5. Bb5+ Nfd7 6. a4 Bg7 7. f4 O-O 8. Nf3
Na6 9. O-O Nc7 10. Bc4 Nb6 11. Be2 f5 12. a5 Nd7 13. exf5 gxf5 14. Bc4 a6 15.
Na4 b5 16. axb6 Nb5 17. Bd2 Nf6 18. Ng5 Rb8 19. Qe2 Nd4 20. Qd3 h6 21. c3 Ne4
22. Nxe4 fxe4 23. Qb1 Bf5 24. Be3 Qe8 25. Kh1 Qg6 26. Qd1 Bg4 27. Qd2 Nf5 28.
Rab1 Qh5 29. Kg1 Rf6 30. Rf2 Rg6 31. Nxc5 dxc5 32. Bxc5 Nd6 33. Bxa6 Bf3 34.
Bf1 Bf6 35. Bxd6 exd6 36. Qe3 Bd8 37. Kh1 Bxb6 38. Qe1 Qh4 39. Rc2 Qxe1 40.
Rxe1 Rf8 41. h3 Rxf4 42. gxf3 Rg1+ 43. Kh2 exf3 44. Rcc1 f2 45. Re7 Rf7 46.
Re8+ Rf8 47. Re4 Rf3 48. b4 Re3 0-1

[Event "North Bay int."]
[Site "North Bay CAN"]
[Date "1997.08.08"]
[Round "5"]
[White "Hergott, Deen"]
[Black "Kiviaho, Robert"]
[Result "0-1"]
[WhiteElo "2395"]
[BlackElo "2333"]
[PlyCount "70"]
[EventDate "1997.08.06"]
[EventType "swiss"]
[EventRounds "9"]
[EventCountry "CAN"]
[Source "ChessBase"]
[SourceDate "1997.11.17"]

1. Nf3 Nf6 2. c4 g6 3. Nc3 Bg7 4. e4 d6 5. d4 O-O 6. Be2 e5 7. d5 Nbd7 8. h4
Nc5 9. Nd2 a5 10. g4 h5 11. gxh5 Nxh5 12. Nb3 Nf4 13. Nxc5 dxc5 14. Bf3 Nh3 15.
Bg4 Nf4 16. Bxc8 Rxc8 17. Qf3 c6 18. h5 Nxh5 19. Be3 f5 20. O-O-O cxd5 21. Rxd5
Qe7 22. exf5 Rxf5 23. Qg2 Rc6 24. Rhd1 Rf7 25. Rd8+ Kh7 26. Ne4 Bh6 27. Bxh6
Kxh6 28. Rh8+ Rh7 29. Rxh7+ Kxh7 30. Qg4 Rc7 31. Rd6 Nf4 32. Nf6+ Kg7 33. Qh4
Ne6 34. Qg4 Kxf6 35. Qh4+ Kg7 0-1

[Event "Quebec op"]
[Site "Montreal CAN"]
[Date "1997.07.26"]
[Round "1"]
[White "Hergott, Deen"]
[Black "Pineault, Denis"]
[Result "1-0"]
[WhiteElo "2386"]
[BlackElo "2179"]
[PlyCount "73"]
[EventDate "1997.07.26"]
[EventType "swiss"]
[EventRounds "9"]
[EventCountry "CAN"]
[Source "ChessBase"]
[SourceDate "1997.11.17"]

1. Nf3 Nf6 2. c4 e6 3. g3 b6 4. Bg2 Bb7 5. O-O c5 6. Nc3 Be7 7. d4 cxd4 8. Qxd4
d6 9. Bg5 a6 10. Rfd1 Nbd7 11. Bxf6 Nxf6 12. Na4 Rb8 13. c5 dxc5 14. Qe5 Bd5
15. e4 Bd6 16. Rxd5 Nxd5 17. Qxg7 Qf6 18. Qxf6 Nxf6 19. e5 Be7 20. exf6 Bxf6
21. Rc1 Ke7 22. Bf1 Rhd8 23. b3 a5 24. Bb5 h6 25. Kf1 Kd6 26. Rc4 Ke7 27. Ke2
Rd6 28. Rc2 Bd4 29. Nd2 e5 30. Nc4 Rg6 31. Ne3 Bxe3 32. Kxe3 Rd6 33. Nb2 Rd4
34. Nc4 f6 35. f4 exf4+ 36. gxf4 Kf7 37. Rg2 1-0

[Event "Quebec op"]
[Site "Montreal CAN"]
[Date "1997.07.27"]
[Round "2"]
[White "Gofshtein, Leonid"]
[Black "Hergott, Deen"]
[Result "1-0"]
[WhiteElo "2545"]
[BlackElo "2386"]
[PlyCount "69"]
[EventDate "1997.07.26"]
[EventType "swiss"]
[EventRounds "9"]
[EventCountry "CAN"]
[Source "ChessBase"]
[SourceDate "1997.11.17"]

1. e4 e6 2. Nc3 d5 3. Nf3 Nf6 4. e5 Nfd7 5. d4 c5 6. Ne2 Nc6 7. c3 cxd4 8. cxd4
f6 9. Nf4 Bb4+ 10. Bd2 Qe7 11. exf6 Nxf6 12. Bb5 Bxd2+ 13. Qxd2 O-O 14. O-O Bd7
15. Bxc6 Bxc6 16. Ne5 Ne4 17. Qe3 Bb5 18. Rfe1 Rxf4 19. Qxf4 Rf8 20. Qe3 Rxf2
21. Rac1 Rxb2 22. Rc8+ Be8 23. Nd3 Rxa2 24. Nc5 Nxc5 25. dxc5 Ra6 26. Qe5 Rc6
27. Ra8 Qxc5+ 28. Kh1 Qe7 29. Qb8 h6 30. Rf1 d4 31. Qxe8+ Qxe8 32. Rxe8+ Kh7
33. Rd8 e5 34. Rd5 Re6 35. Re1 1-0

[Event "Quebec op"]
[Site "Montreal CAN"]
[Date "1997.07.27"]
[Round "3"]
[White "Hergott, Deen"]
[Black "Gladu, Pierre"]
[Result "0-1"]
[WhiteElo "2386"]
[BlackElo "2099"]
[PlyCount "64"]
[EventDate "1997.07.26"]
[EventType "swiss"]
[EventRounds "9"]
[EventCountry "CAN"]
[Source "ChessBase"]
[SourceDate "1997.11.17"]

1. d4 Nf6 2. Bg5 c5 3. Bxf6 exf6 4. e3 cxd4 5. exd4 Qb6 6. Nf3 Qxb2 7. Nbd2 Bb4
8. Bd3 Bxd2+ 9. Nxd2 Qxd4 10. O-O O-O 11. Ne4 d5 12. c3 Qe5 13. f4 Qe7 14. Nf2
f5 15. Bc2 Be6 16. g4 fxg4 17. f5 Bd7 18. Qd3 Qg5 19. Rab1 Bc6 20. Qg3 h5 21.
Nh3 Qh6 22. Nf4 Nd7 23. h3 h4 24. Qxg4 Nf6 25. Qd1 Qg5+ 26. Ng2 d4 27. Rf2 dxc3
28. Qd4 Rad8 29. Qxc3 Rfe8 30. Kh2 Nh5 31. Rb3 Qg3+ 32. Kg1 Bxg2 0-1

[Event "Quebec op"]
[Site "Montreal CAN"]
[Date "1997.07.28"]
[Round "4"]
[White "Leger, Manon"]
[Black "Hergott, Deen"]
[Result "0-1"]
[WhiteElo "1865"]
[BlackElo "2386"]
[PlyCount "48"]
[EventDate "1997.07.26"]
[EventType "swiss"]
[EventRounds "9"]
[EventCountry "CAN"]
[Source "ChessBase"]
[SourceDate "1997.11.17"]

1. e4 c5 2. Nf3 Nc6 3. d4 cxd4 4. Nxd4 e5 5. Nb5 Nf6 6. N1c3 d6 7. Bg5 a6 8.
Na3 Be6 9. Bxf6 gxf6 10. Nc4 Rc8 11. Nd5 f5 12. exf5 Bxd5 13. Qxd5 Nb4 14. Qd1
d5 15. Na3 Nc6 16. Nb1 Qb6 17. Nd2 Bc5 18. Qe2 Qxb2 19. Rb1 Qxc2 20. f6 e4 21.
Qg4 Bxf2+ 22. Kxf2 Qxd2+ 23. Kg3 Qc3+ 24. Kh4 Qxf6+ 0-1

[Event "Quebec op"]
[Site "Montreal CAN"]
[Date "1997.07.30"]
[Round "5"]
[White "Grondin, Jean-Philippe"]
[Black "Hergott, Deen"]
[Result "1/2-1/2"]
[WhiteElo "2093"]
[BlackElo "2386"]
[PlyCount "108"]
[EventDate "1997.07.26"]
[EventType "swiss"]
[EventRounds "9"]
[EventCountry "CAN"]
[Source "ChessBase"]
[SourceDate "1997.11.17"]

1. e4 d5 2. exd5 Qxd5 3. Nc3 Qa5 4. d4 Nf6 5. Nf3 c6 6. Bc4 Bf5 7. O-O e6 8.
Qe2 Nbd7 9. a3 Bd6 10. h3 O-O 11. Nh4 Rfe8 12. Bd2 Qb6 13. Nxf5 exf5 14. Qd3
Ne4 15. Nxe4 fxe4 16. Qb3 Re7 17. Qxb6 axb6 18. a4 Nf6 19. c3 Nd5 20. b4 Kf8
21. b5 Rc7 22. bxc6 bxc6 23. Bxd5 cxd5 24. Rfb1 Rca7 25. Rxb6 Ke7 26. g3 Rxa4
27. Rxa4 Rxa4 28. Rb7+ Ke6 29. Rb6 Kd7 30. Rb7+ Bc7 31. Bf4 Rc4 32. Bxc7 Rxc7
33. Rb3 h5 34. h4 Ra7 35. Kf1 g6 36. Rb5 Kc6 37. Rc5+ Kd6 38. Rb5 Kc6 39. Rc5+
Kd6 40. Rb5 Rc7 41. Rb3 f6 42. Ke2 g5 43. Ra3 gxh4 44. gxh4 Ke6 45. Kd2 Rc6 46.
Ra5 f5 47. Ra8 Rb6 48. Kc2 Kf7 49. Ra7+ Kg6 50. Rd7 Rb5 51. Rd6+ Kf7 52. Ra6 f4
53. Rc6 Ra5 54. Kb2 Rb5+ 1/2-1/2

[Event "Quebec op"]
[Site "Montreal CAN"]
[Date "1997.07.30"]
[Round "6"]
[White "Hergott, Deen"]
[Black "Cormos, Eugene"]
[Result "1-0"]
[WhiteElo "2386"]
[BlackElo "2083"]
[PlyCount "71"]
[EventDate "1997.07.26"]
[EventType "swiss"]
[EventRounds "9"]
[EventCountry "CAN"]
[Source "ChessBase"]
[SourceDate "1997.11.17"]

1. d4 d5 2. Nf3 Nf6 3. c4 e6 4. g3 c6 5. Qc2 Be7 6. Bg2 O-O 7. O-O b6 8. Nbd2
Bb7 9. e4 c5 10. exd5 exd5 11. dxc5 bxc5 12. cxd5 Bxd5 13. b3 Nbd7 14. Nc4 Qc7
15. Bb2 Rfe8 16. Rad1 Be4 17. Qc3 Bf8 18. Nh4 Nb6 19. Qc1 Nfd5 20. f3 Bg6 21.
Nxg6 hxg6 22. f4 Rad8 23. f5 Nxc4 24. bxc4 Ne3 25. Rxd8 Qxd8 26. fxg6 fxg6 27.
Bc6 Re6 28. Re1 Rxc6 29. Qxe3 Qb6 30. Qf3 Re6 31. Rf1 Qd6 32. Qf7+ Kh7 33. Qxf8
Qxf8 34. Rxf8 Re2 35. Rf2 Re1+ 36. Kg2 1-0

[Event "Quebec op"]
[Site "Montreal CAN"]
[Date "1997.07.31"]
[Round "7"]
[White "Hergott, Deen"]
[Black "Mikanovic, Goran"]
[Result "1/2-1/2"]
[WhiteElo "2386"]
[BlackElo "2336"]
[PlyCount "87"]
[EventDate "1997.07.26"]
[EventType "swiss"]
[EventRounds "9"]
[EventCountry "CAN"]
[Source "ChessBase"]
[SourceDate "1997.11.17"]

1. d4 Nf6 2. Bg5 e6 3. e4 h6 4. Bxf6 Qxf6 5. Nc3 b6 6. Qd2 Bb7 7. O-O-O Qd8 8.
Bd3 Be7 9. f4 d5 10. Nf3 Nd7 11. Kb1 dxe4 12. Bxe4 Bxe4 13. Nxe4 Nf6 14. Nxf6+
Bxf6 15. f5 Qd5 16. fxe6 fxe6 17. Qe2 O-O-O 18. Rd3 Rhe8 19. Re1 Kb8 20. Red1
Re7 21. Ne5 Qb7 22. Re3 Rd6 23. c3 Re8 24. g3 Bxe5 25. Rxe5 Rf8 26. Re1 Rf6 27.
a3 Qc6 28. Qg4 Qd7 29. R1e2 Qf7 30. Ka2 g6 31. Qe4 h5 32. Qe3 Rf3 33. Qe4 Rf6
34. Qd3 Rd5 35. Qe3 Rf3 36. Qe4 Rxe5 37. Qxe5 Rf6 38. c4 Kb7 39. Qe4+ Kb8 40.
Qe5 Kb7 41. c5 c6 42. a4 a5 43. cxb6 Kxb6 44. Re3 1/2-1/2

[Event "Quebec op"]
[Site "Montreal CAN"]
[Date "1997.08.01"]
[Round "8"]
[White "Clement, Michel"]
[Black "Hergott, Deen"]
[Result "1/2-1/2"]
[WhiteElo "1997"]
[BlackElo "2386"]
[PlyCount "95"]
[EventDate "1997.07.26"]
[EventType "swiss"]
[EventRounds "9"]
[EventCountry "CAN"]
[Source "ChessBase"]
[SourceDate "1997.11.17"]

1. e4 e6 2. d4 d5 3. Nc3 Nf6 4. e5 Nfd7 5. Nf3 c5 6. Be3 cxd4 7. Bxd4 Nc6 8.
Be2 Be7 9. O-O O-O 10. Qd2 Nxd4 11. Qxd4 f6 12. exf6 Bxf6 13. Qe3 Qb6 14. Qxb6
Nxb6 15. Nd1 e5 16. c3 Be6 17. Re1 Rac8 18. h3 e4 19. Nd2 Na4 20. Rb1 Bf5 21.
Ne3 Bg6 22. Nb3 Nxb2 23. Rxb2 Bxc3 24. Rbb1 d4 25. Nxd4 Bxd4 26. Rxb7 Bb6 27.
Bc4+ Kh8 28. Bb3 Rcd8 29. Rd1 Rd3 30. Rxd3 exd3 31. Rd7 h5 32. Bc4 Rd8 33.
Rxd8+ Bxd8 34. Kf1 h4 35. Ke1 Ba5+ 36. Kd1 Kh7 37. Be6 Kh6 38. Bf5 Bxf5 39.
Nxf5+ Kg5 40. Nxg7 Kf6 41. Nh5+ Kg5 42. g4 hxg3 43. Nxg3 Kf4 44. h4 Bb6 45.
Nh5+ Ke5 46. Kd2 Bxf2 47. Kxd3 Bxh4 48. Kc4 1/2-1/2

[Event "Quebec op"]
[Site "Montreal CAN"]
[Date "1997.08.02"]
[Round "9"]
[White "Hergott, Deen"]
[Black "Linskiy, Oleg"]
[Result "1/2-1/2"]
[WhiteElo "2386"]
[BlackElo "2389"]
[PlyCount "86"]
[EventDate "1997.07.26"]
[EventType "swiss"]
[EventRounds "9"]
[EventCountry "CAN"]
[Source "ChessBase"]
[SourceDate "1997.11.17"]

1. Nf3 Nf6 2. c4 g6 3. Nc3 Bg7 4. d4 O-O 5. e4 d6 6. Be2 e5 7. O-O exd4 8. Nxd4
Re8 9. f3 Nc6 10. Be3 Nh5 11. f4 Nf6 12. Bf3 Bg4 13. Nxc6 Bxf3 14. Qxf3 bxc6
15. Rae1 Nd7 16. e5 dxe5 17. f5 e4 18. Nxe4 Ne5 19. Qh3 Nxc4 20. fxg6 fxg6 21.
Ng5 h5 22. Ne6 Qd3 23. Bc5 Qxh3 24. gxh3 Bxb2 25. Nxc7 Rxe1 26. Rxe1 Rc8 27.
Na6 Bf6 28. Rb1 Nb2 29. Kf2 Bc3 30. Ke2 Rd8 31. Be3 Re8 32. Kf3 Nc4 33. Rb8
Rxb8 34. Nxb8 Nxe3 35. Kxe3 Be5 36. Nxc6 Bxh2 37. Ke4 a6 38. a4 Kf7 39. a5 Bd6
40. Kd5 Bc7 41. Nb4 Kf6 42. Nxa6 Bxa5 43. Ke4 Kg5 1/2-1/2

[Event "CAN-op"]
[Site "Winnipeg CAN"]
[Date "1997.07.12"]
[Round "1"]
[White "Hergott, Deen"]
[Black "Gould, Charles"]
[Result "1-0"]
[WhiteElo "2550"]
[BlackElo "2033"]
[PlyCount "37"]
[EventDate "1997.07.12"]
[EventType "swiss"]
[EventRounds "10"]
[EventCountry "CAN"]
[Source "ChessBase"]
[SourceDate "1997.11.24"]

1. d4 e6 2. e4 d5 3. Nd2 Nf6 4. e5 Nfd7 5. f4 c5 6. c3 b6 7. Ndf3 Ba6 8. Bxa6
Nxa6 9. Ne2 Be7 10. O-O Qc7 11. f5 O-O-O 12. Ng5 Bxg5 13. Bxg5 Rdf8 14. Be7
Nxe5 15. Bxf8 Ng4 16. Ng3 Ne3 17. Qe2 Nxf1 18. Qxa6+ Kd7 19. fxe6+ 1-0

[Event "CAN-op"]
[Site "Winnipeg CAN"]
[Date "1997.07.13"]
[Round "2"]
[White "Kirton, Dale"]
[Black "Hergott, Deen"]
[Result "1/2-1/2"]
[WhiteElo "2240"]
[BlackElo "2550"]
[PlyCount "23"]
[EventDate "1997.07.12"]
[EventType "swiss"]
[EventRounds "10"]
[EventCountry "CAN"]
[Source "ChessBase"]
[SourceDate "1997.11.24"]

1. d4 e6 2. g3 c5 3. Nf3 cxd4 4. Nxd4 d5 5. Bg2 Nf6 6. O-O Nc6 7. c4 Qb6 8.
Nxc6 bxc6 9. Nc3 Be7 10. cxd5 cxd5 11. e4 O-O 12. exd5 1/2-1/2

[Event "CAN-op"]
[Site "Winnipeg CAN"]
[Date "1997.07.13"]
[Round "3"]
[White "Hergott, Deen"]
[Black "Khedkar, Jay"]
[Result "1-0"]
[WhiteElo "2550"]
[BlackElo "2001"]
[PlyCount "33"]
[EventDate "1997.07.12"]
[EventType "swiss"]
[EventRounds "10"]
[EventCountry "CAN"]
[Source "ChessBase"]
[SourceDate "1997.11.24"]

1. d4 d5 2. Nf3 Nf6 3. c4 e6 4. g3 c5 5. Bg2 Nc6 6. O-O Be7 7. dxc5 Bxc5 8. a3
O-O 9. Qc2 Qe7 10. Bg5 Rd8 11. cxd5 exd5 12. Bxf6 gxf6 13. Nc3 Bg4 14. Rad1
Rac8 15. Rxd5 Nd4 16. Nxd4 Bxd4 17. Qa4 1-0

[Event "CAN-op"]
[Site "Winnipeg CAN"]
[Date "1997.07.14"]
[Round "4"]
[White "Ditt, Egon"]
[Black "Hergott, Deen"]
[Result "0-1"]
[WhiteElo "2250"]
[BlackElo "2550"]
[PlyCount "46"]
[EventDate "1997.07.12"]
[EventType "swiss"]
[EventRounds "10"]
[EventCountry "CAN"]
[Source "ChessBase"]
[SourceDate "1997.11.24"]

1. c4 e6 2. g3 d5 3. Bg2 Nf6 4. Nf3 dxc4 5. Qa4+ Nbd7 6. O-O a6 7. Qxc4 b5 8.
Qc2 Bb7 9. a4 c5 10. d3 Be7 11. axb5 axb5 12. Rxa8 Qxa8 13. Na3 Bc6 14. Ne1 Nd5
15. f4 O-O 16. e4 N5f6 17. Qe2 c4 18. e5 cxd3 19. Nxd3 Bxg2 20. Qxg2 Nd5 21.
Qf3 Qa4 22. Kg2 b4 23. Qe4 Qa8 0-1

[Event "CAN-op"]
[Site "Winnipeg CAN"]
[Date "1997.07.15"]
[Round "5"]
[White "Hergott, Deen"]
[Black "Hjartarson, Johann"]
[Result "1/2-1/2"]
[WhiteElo "2550"]
[BlackElo "2585"]
[PlyCount "121"]
[EventDate "1997.07.12"]
[EventType "swiss"]
[EventRounds "10"]
[EventCountry "CAN"]
[Source "ChessBase"]
[SourceDate "1997.11.24"]

1. Nf3 Nf6 2. c4 c5 3. Nc3 Nc6 4. g3 g6 5. Bg2 d6 6. O-O Bg7 7. d4 cxd4 8. Nxd4
Bd7 9. Nc2 O-O 10. h3 a6 11. e4 Rb8 12. Kh2 b5 13. cxb5 axb5 14. Nd5 Re8 15.
Be3 b4 16. b3 Qa5 17. a3 bxa3 18. Rxa3 Qd8 19. Qd2 Rb5 20. Rfa1 Qb8 21. Ra8 Qb7
22. Rxe8+ Bxe8 23. Nd4 Nxd5 24. exd5 Nxd4 25. Bxd4 Bxd4 26. Qxd4 Rb4 27. Ra7
Rxd4 28. Rxb7 Kf8 29. Rb8 f6 30. b4 Kf7 31. b5 Rb4 32. b6 Ba4 33. b7 Bd1 34. h4
Be2 35. Bh3 f5 36. f4 Bf3 37. h5 Bxd5 38. Rh8 Rxb7 39. Rxh7+ Kf6 40. h6 Rb8 41.
Kg1 Bf7 42. Kf2 d5 43. g4 fxg4 44. Bxg4 d4 45. Be2 Be6 46. Bd3 Rc8 47. Ke2 Bf5
48. Kd2 Rb8 49. Bc4 Rb2+ 50. Ke1 Be6 51. Bxe6 Kxe6 52. Rh8 Rh2 53. h7 Kf7 54.
Kd1 Rh4 55. Kd2 e6 56. Rd8 Rxh7 57. Rd7+ Kg8 58. Rxd4 Rh3 59. Ke2 Kf7 60. Rd8
Ra3 61. Rb8 1/2-1/2